000 00529nam a22001577a 4500
999 _c535698
_d535698
020 _qHard Cover.
082 _a621.3
100 _aHaider, Ijlal
245 _aDESIGN AND DEVELOPMENT OF AN EFFICIENT MIDDLEWARE FOR NETWORKED CONTROL SYSTEMS /
_cIjlal Haider.
260 _aIslamabad :
_bPNEC - NUST,
_c2012.
300 _axii, Var. : ill. ;
_c30cm.
942 _2ddc
_cTHE
650 _a Electrical Engineering MS-Thesis.
_916073
700 _aDr. Attaullah Memon.
_919345